000
00298nam a22001457a 4500
008
210514b ||||| |||| 00| 0 eng d
020
_a
394328302
041
_a
eng
080
_a
781
082
_a
781
100
_a
45
101
_a
MUZ
245
_a
Tonal Harmony
_c
Kostka,S
942
_2
udc
_c
BK
999
_c
57338
_d
57338